000 00697nam a2200253Ia 4500
001 19265
005 20240113235922.0
007 ta
008 060206s g b000 u 465 u
040 _aCotton College,Assam
041 _a465
082 _a820
_bC 771 Se
100 _aCook, Albert S. .
245 0 _aSelect Translations from old English Prose /
_cAlbert S. Cook & Chauncey B. Tinker.
_hTextual Documents
250 _a1st ed. /
260 _aBoston :
_bGinn & Company ,
_cnd.
300 _a296p. ;
_c17cm.
653 _aEnglish Literature
653 _aG-English
700 _aTinker, Chauncey B. .
942 _2ddc
_cBK
999 _c19247
_d19247